Greek Darshanar itihash (Record no. 6295)

MARC details
000 -LEADER
fixed length control field 00446cam a2200193ua 4500
001 - CONTROL NUMBER
control field 7174
005 - DATE AND TIME OF LATEST TRANSACTION
control field 20260515114150.0
008 - FIXED-LENGTH DATA ELEMENTS--GENERAL INFORMATION
fixed length control field 141127n ii |||gr||||Z||||||asm
040 ## - CATALOGING SOURCE
Transcribing agency MAIN
041 ## - LANGUAGE CODE
Language code of text/sound track or separate title asm
082 ## - DEWEY DECIMAL CLASSIFICATION NUMBER
Classification number 949.5
100 ## - MAIN ENTRY--PERSONAL NAME
Personal name Chaliha, A.,
Relator term Author.
245 ## - TITLE STATEMENT
Title Greek Darshanar itihash
Statement of responsibility, etc. ByAnjana Chaliha
250 ## - EDITION STATEMENT
Edition statement 2nd.
260 ## - PUBLICATION, DISTRIBUTION, ETC.
Place of publication, distribution, etc. Jorhat:
Name of publisher, distributor, etc. Tarubala,
Date of publication, distribution, etc. 2011.
300 ## - PHYSICAL DESCRIPTION
Extent xv,178p.
653 ## - INDEX TERM--UNCONTROLLED
Uncontrolled term Greek history
942 ## - ADDED ENTRY ELEMENTS (KOHA)
Koha item type Books
Holdings
Withdrawn status Lost status Damaged status Not for loan Home library Current library Shelving location Date acquired Total checkouts Full call number Barcode Date last seen Copy number Price effective from Koha item type
        Naharkatiya College Library Naharkatiya College Library General stacks 09/19/2020   949.5 | CHA 22479 09/19/2020 2 09/19/2020 Books
        Naharkatiya College Library Naharkatiya College Library General stacks 09/19/2020   949.5 | CHA 22480 09/19/2020 1 09/19/2020 Books